Riconosci il Pokémon - Quiz n°906 - Statistics

Statistiche generali
  • Questo quiz è stato fatto 1 volte
  • Il punteggio medio è 10 su 10
Statistiche sulle risposte
Indizio Risposta % Corretto
Altezza 1,7 m (Normale; Megaevoluzione X; Megaevoluzione Y); > 28,0 m (Gigamax)
100%
Tasso di cattura 45 (11.9%)
100%
Sesso 87.5% ♂, 12.5% ♀
100%
Peso 90,5 kg; 110,5 kg (Megaevoluzione X); 100,5 kg (Megaevoluzione Y); ???;? kg (Gigamax)
100%
Abilità Aiutofuoco (Normale; Gigamax); Solarpotere (Normale; Gigamax); Unghiedure (Megaevoluzione X); Siccità (Megaevoluzione Y)
100%
Pokémon Charizard
100%
Tipo Fuoco / Volante (Megaevoluzione Y; Gigamax); Fuoco / Drago (Megaevoluzione X)
100%
Tasso di allevamento Medio-Lento
100%
Generazione Prima
100%
Stadio evoluzione Seconda evoluzione
100%
Nessun quiz corrispondente trovato
Distribuzione punteggi
Percentuale di utenti per punteggio
Percentile per numero di risposta
I tuoi punteggi nel tempo
Non hai fatto questo quiz